| 000 | 01807naa a22003497a 4500 | ||
|---|---|---|---|
| 001 | BR8803499 | ||
| 003 | BR-BrBNA | ||
| 005 | 20250721155334.0 | ||
| 007 | ta | ||
| 008 | 250630b bl.|||m| |||| 00| 0 por d | ||
| 040 |
_aBR-BrBNA _bpor _cBiblioteca Nacional de Agricultura |
||
| 041 | _a(Pt) | ||
| 072 |
_aP10; F04; P35 _b0150 _b3840 _b3830 _b3810 |
||
| 090 | _aP10 BR8803499 | ||
| 100 | 1 | _aSoares, S.F. | |
| 111 | 1 |
_a1. Reuniao sobre Ferro em Solos Inundados _cGoiania, GO (Brazil) _d19-21 May 1987 |
|
| 245 | 1 | _aManejo de agua, calagem, aplicacao de fosforo e potassio em arroz irrigado em solos com problemas de toxidez de ferro, Resultados obtidos em estudos com ferro na EMCAPA [Empresa Capixaba de Pesquisa Agropecuaria S.A.] | |
| 246 | 1 | _a[Water management agricultural lime, phosphorus application and potash levels on irrigated rice on soils with problems related to iron toxicity; Results obtained with iron studies at the EMCAPA [Empresa Capixaba de Pesquisa Agropecuaria]] | |
| 246 | 1 | _a[Annals of the 1st. Reunion on Soil Iron] | |
| 500 | _aAnais da 1. Reuniao sobre Ferro em Solos Inundados Barbosa Filho, M.P. (ed.) Goiania, GO (Brasil): 1988. p. 148-163 [16 tables] (BR8803499-AMS) | ||
| 773 | 0 |
_tAnais da 1. Reuniao sobre Ferro em Solos Inundados _aBarbosa Filho, M.P. (ed.). Centro Nacional de Pesquisa em Arroz e Feijao, Goiania, GO (Brasil) _wP10 BR8803499 _gGoiania, GO (Brasil), 1988. p. 148-163 |
|
| 650 | _aMANEJO DE AGUA | ||
| 650 | _aCALAGEM | ||
| 650 | _aFERTILIZANTE FOSFATADO | ||
| 650 | _aFERTILIZANTE POTASSICO | ||
| 650 | _aARROZ IRRIGADO | ||
| 650 | _aFERRO | ||
| 650 | _aTOXIDEZ | ||
| 490 |
_aDocumentos - Centro Nacional de Pesquisa em Arroz e Feijao (Brazil) _vno. 22 _xISSN 0101-9716 |
||
| 942 |
_cAMS _2AGRIS |
||
| 909 |
_a202506 _bLúcia _c55 _dLúcia Elande |
||
| 999 |
_c335959 _d335959 |
||